000 00549nam a2200193 i 4500
001 96738
003 ES-MaACL
005 20260115175630.0
007 t|
008 050630s1919 sp ||||1| cat d
100 1 _aMaluquer y Salvador, José.
_975885
245 1 0 _aPiscicultura /
_cper Josep Maluquer.
260 _aBarcelona :
_bEditorial Catalana,
_c1919.
300 _a162 p. ;
_c16 cm.
490 1 _aEnciclopedia Catalana ;
_vXII
830 0 _aEnciclopedia Catalana
_vXII
_9181584
852 _aES-MaACL
_jB-13268
999 _c96738
_d96738